000 01362cam0 2200349 ib4500
001 BY-BR0004-br522515
005 20260210121506.0
010 ^a978-5-00054-049-7
^d7 р. 29 к.
100 ^a20250829d2025 da y0rusy50 ca
101 0 ^arus
102 ^aRU
105 ^ay z 000by
109 ^ama
200 1 ^aГоре от ума
^e[пьеса
^eдля среднего школьного возраста]
^fА. Грибоедов
^gхудожник П. Гавин
210 ^aМосква
^cЛибри пэр бамбини
^d2025
215 ^a95, [1] с.
^d21 см
225 1 ^aБиблиотечка школьника
333 ^a12+
345 ^91500 экз.
608 ^3BY-NLB-ar2474222
^aПЬЕСА
^2BYGNR
608 ^3BY-NLB-ar9019
^aДЕТСКАЯ И ЮНОШЕСКАЯ ЛИТЕРАТУРА (художеств. произведение)
^2BYGNR
686 ^a84(2Рос=Рус)1
^2rubbk
690 ^a1
^2Base
^9BY-HO0014
^xRSEK
700 1 ^3BY-NLB-ar98769
^aГрибоедов
^bА. С.
^gАлександр Сергеевич
^f1795—1829
702 1 ^3BY-SEK-ar13499466
^aГавин
^bП.
^gПавел
^4040
801 0 ^aBY
^bBY-BR0004
^c20250829
^gRCR
801 2 ^aBY
^bBY-HO0014
^c20260210
^gRCR
035 ^a(BY-HO0014)BY-BR0004-br522515
899 0 ^aBY-HO0014
^hГ82